000 00752nam a2200217 i 4500
001 125061
003 ES-MaACL
005 20250826063143.0
007 t|
008 070427s1929 sp ||||1| spa d
100 1 _aMaura, Honorio,
_d1886-1936
_979218
245 1 0 _aCuento de hadas
_b: comedia en tres actos y un prólogo /
_cHonorio Maura ; dibujos de Almada.
260 _aMadrid :
_bRivadeneyra,
_c1929.
300 _a59 p. :
_bil. ;
_c17 cm.
490 1 _aLa Farsa ;
_v71
500 _3Estrenada en el Teatro Infanta Isabel, de Madrid, el dia 30 de noviembre de 1928
700 1 _aAlmada Negreiros, José de.
_920067
830 0 _aLa Farsa ;
_v71
_9185863
852 _aES-MaACL
_j2217-F-13
_bR.140645
999 _c125061
_d125061